000
00281nam a2200133Ia 4500
100
_a
Home Imprrovment Series
942
_c
BK
654
_a
Guide
245
_a
Guide To Plumbing
260
_b
Mc Graw Hill
_a
New York
_c
1980
082
_a
696.1
300
_a
93
546
_a
ENGLISH
999
_c
20587
_d
20587